000 00700nam a2200205Ia 4500
003 GCL
008 140319s9999 xx 000 0 ara d
020 _a1228316977
040 _aGCL /
_cGCL
082 0 4 _a812.043
_bع ر
100 1 _aعلى احمد باكثير
245 1 0 _aروميو وجولييت :
_bترجمة شعرية لتحفة شكسبير الخالدة /
_cعلى احمد باكثير
260 _aالقاهرة :
_bمكتبة مصر
300 _a219 ص ؛
_c20 سم
490 _a
650 0 4 _aالادب الانجليزى
650 0 4 _aالمسرحيات الانجليزية
650 0 4 _aالمسرحيات الانجليزية المترجمة
942 _2ddc
_cBK
999 _c34327
_d34327